3 indices pour un nom propre (2) - Statistiques

Statistiques générales
  • Ce quiz a été pris 217 fois
  • Le résultat moyen est 13 sur 25
Statistiques - réponses
Indice 1 Indice 2 Indice 3 Réponse % Correct
Bruel Irlande 17 mars Patrick
95%
1912 Iceberg Naufrage Titanic
78%
Tapissier Poquelin Avare Molière
75%
Horloge Tour Londres Big Ben
74%
RG Milou Reporter Tintin
71%
Artist OSS Loulou Jean Dujardin
70%
Kilt Glasgow Flower Ecosse
66%
Corrèze Paris Président Jacques Chirac
66%
Losange Voiture Louis Renault
66%
1815 Belgique Napoléon Waterloo
63%
Minne Paix Arbre Olivier
62%
Apartheid Theron Cap Afrique-du-Sud
59%
Baker str Doyle Watson Sherlock Holmes
58%
Gel douche Emission Argentine Ushuaia
56%
Cosette Montreuil Hugo Les Misérables
55%
Canaux Vermeer Frank Amsterdam
51%
Cuisine M6 Rotenberg Top chef
48%
Mouton Saint-Ex B 612 Petit Prince
36%
1956 Stockholm Tennis Bjorn Borg
35%
Volcan Clermont Issoire Puy-de-Dôme
35%
Germanotta Born this way Lord Lady Gaga
34%
Feuilleton Clooney Cook Urgences
30%
Manche Arras Beffroi Pas-de-Calais
20%
Gros horloge Jehanne Armada Rouen
17%
Bernadette Mitterrand Loire Nièvre
2%
Aucun quiz correspondant
Distribution des résultats
% des personnes avec chaque résultat
Percentile par nombre de réponses
Votre historique - résultats
Vous n’avez pas pris ce quiz